| 000 | 00597nam a22002177a 4500 | ||
|---|---|---|---|
| 003 | UA-OsUOA | ||
| 001 | 53103 | ||
| 007 | ta | ||
| 008 | 20080317b un ||||| |||| 00| 0 ukr d | ||
| 100 | _aШвая Д. | ||
| 090 |
_a908 _bШ-12 |
||
| 942 | _cSA | ||
| 040 |
_aUA-OsUOA _bukr _cUA-OsUOA _dUA-OsUOA |
||
| 245 | _aЗакохані в ОА: вирок судів Як спудеї Академії "переводять стрілки" Амурові | ||
| 300 | _aС.2 | ||
| 955 | _a0 | ||
| 041 | _aukr | ||
| 080 | _a908 | ||
| 773 | 0 | _w53101 | |
| 650 | 7 |
_a908 Краєзнавство _2UDC |
|
| 999 |
_c339184 _d339184 |
||